Teknik peningkatan kualiti kerja

Bibliographic Details
Main Author: Mat Saat Baki
Format: Book
Published: 1994
Subjects:

MARC

LEADER 00000cam a2200000 7i4500
001 0000016648
005 20060614.0
040 |a INS 
090 0 0 |a KK179 
100 0 |a Mat Saat Baki. 
245 1 0 |a Teknik peningkatan kualiti kerja   |c Mat Saat Baki. 
260 |a 1994 
300 |a 20p. ;   |c 29 CM. 
650 0 0 |a Total quality management 
999 |a KK00000429   |b BOOK   |c Open Shelf   |e Default branch